000 00936nam a2200301 a 4500
003 AR-BaBNM
005 20251128204217.0
008 082120s2002 ||||||||||||||000 | spa||
020 _a84-87118-60-7
040 _cAR-BaBNM
100 1 _aBarragán Medero, Fernando
245 0 0 _aNiñas, niños, maestros, maestras
_buna propuesta de educación sexual
260 _aSevilla
_bDíada
_c1993
300 _a89 p.
_bgráfs., tablas
490 0 _aInvestigación y enseñanza. Práctica
500 _aPropuesta sociocrítica en un marco metodológico constructivista
650 4 _aEDUCACION SEXUAL
650 4 _aCOEDUCACION
650 4 _aCOMPORTAMIENTO SEXUAL
650 4 _aINTERDISCIPLINARIEDAD
650 4 _aPROGRAMAS DE EDUCACION
650 4 _aEVALUACION DEL PROGRAMA
653 _aMETODOS EDUCATIVOS
700 1 _aBredy Domínguez, Clara
800 1 _aPorlán Ariza, Rafael
_edirector
942 _cBK
998 _cCarmen
999 _c6607
_d6607